Geographical Indication and Global Agri-Food (Record no. 19765)

MARC details
000 -LEADER
fixed length control field 00675nam a2200121Ia 4500
008 - FIXED-LENGTH DATA ELEMENTS--GENERAL INFORMATION
fixed length control field 220616s9999||||xx |||||||||||||| ||und||
245 #0 - TITLE STATEMENT
Title Geographical Indication and Global Agri-Food
Remainder of title Development and Democratization
546 ## - LANGUAGE NOTE
Language note English[eng]
650 ## - SUBJECT ADDED ENTRY--TOPICAL TERM
Topical term or geographic name entry element Applied ecology||Environmental science, engineering and technology||Society and culture: general||Rural communities||Cultural studies: food and society||Sustainable agriculture
700 ## - ADDED ENTRY--PERSONAL NAME
Personal name Bonanno, Alessandro||Sekine, Kae||Feuer, Hart N.
856 ## - ELECTRONIC LOCATION AND ACCESS
Uniform Resource Identifier <a href="https://library.oapen.org/bitstream/20.500.12657/46918/1/9780429895135.pdf||https://library.oapen.org/bitstream/20.500.12657/46918/1/9780429895135.pdf">https://library.oapen.org/bitstream/20.500.12657/46918/1/9780429895135.pdf||https://library.oapen.org/bitstream/20.500.12657/46918/1/9780429895135.pdf</a>
942 ## - ADDED ENTRY ELEMENTS (KOHA)
Koha item type E-Books
Holdings
Withdrawn status Lost status Damaged status Not for loan Home library Current library Date acquired Total Checkouts Date last seen Price effective from Koha item type
        Kerala University of Digital Sciences, Innovation and Technology Knowledge Centre Kerala University of Digital Sciences, Innovation and Technology Knowledge Centre 16/06/2022   16/06/2022 16/06/2022 E-Books